| 000 | 00713cam a22002291 4500 | ||
|---|---|---|---|
| 001 | sa 65006315 | ||
| 003 | DLC | ||
| 005 | 20260227112141.0 | ||
| 008 | 890703s1965 ii 000 0 hino | ||
| 010 | _asa 65006315 | ||
| 035 | _a(OCoLC)19959036 | ||
| 040 |
_aDLC _cWaU _dNRU _dDLC |
||
| 042 | _apremarc | ||
| 050 | 0 | 0 |
_aPK2095.T8 _bA6 1965 |
| 100 | 0 |
_aTulasīdāsa, _d1532-1623. |
|
| 245 | 0 | 0 |
_aTulasī-padāvalī; _bjīvana-paricaya evaṃ kāvya-saṅkalana. _cSampādaka Barsāne Lāla Caturvedī. |
| 250 | _a[1. saṃskara i.e. saṃskaraṇa] | ||
| 260 |
_aMathurā, _bSāhitya Saṅgama _c[1965] |
||
| 300 |
_a24, 34-160 p. _c19 cm. |
||
| 500 | _aIn Hindi. | ||
| 700 | 1 |
_aChaturvedi, Barsane Lal, _d1920- |
|
| 999 |
_c64619 _d64619 |
||